000 00559nam a22001697a 4500
003 OSt
005 20260407121600.0
008 260407b |||||||| |||| 00| 0 eng d
040 _cMRSPTU
041 _aEnglish
100 _aShekhar Dwivedi, Supervisor: Sandeep Kansal
245 _aInvestigation of Treatment Planning and Dose Verification Procedures Using Unflat Linac Photon Beams
260 _bDepartment of Physics, MRSPTU, Bathinda
_c2023
650 _aPhysics
856 _uhttp://163.47.215.52:8080/jspui/handle/123456789/836
942 _2ddc
_cTH
_n0
999 _c11333
_d11333